Normal view
MARC view
- Peace-building
Entry Topical Term
001 - CONTROL NUMBER
- control field: 129249
003 - CONTROL NUMBER IDENTIFIER
- control field: NUST
005 - DATE AND TIME OF LATEST TRANSACTION
- control field: 20250627103712.0
008 - FIXED-LENGTH DATA ELEMENTS
- fixed length control field: 250627|| aca||aabn | a|a d
040 ## - CATALOGING SOURCE
- Original cataloging agency: NUST
- Transcribing agency: NUST
150 ## - HEADING--TOPICAL TERM
- Topical term or geographic name entry element: Peace-building
670 ## - SOURCE DATA FOUND
- Source citation: Work cat.: (NUST)0: Handbook on peacekeeping and international relations /
